Polytechnics In Singapore - Statistics

General Stats
  • This quiz has been taken 67 times
  • The average score is 5 of 5
Answer Stats
Answer % Correct
Singapore Polytechnic
98%
Nanyang Polytechnic
96%
Ngee Ann Polytechnic
96%
Temasek Polytechnic
96%
Republic Polytechnic
95%
No matching quizzes found
Score Distribution
Percent of People with Each Score
Percentile by Number Answered
Your Score History
You have not taken this quiz